Scatola magica (La): tv, bambini e socializzazione (Record n. 94329)
[ formato base ]
| 000 -LEADER | |
|---|---|
| fixed length control field | 01978nam a2200289Ia 4500 |
| 001 - CONTROL NUMBER | |
| control field | H0672 |
| 003 - CONTROL NUMBER IDENTIFIER | |
| control field | IT-RoPAU |
| 008 - FIXED-LENGTH DATA ELEMENTS--GENERAL INFORMATION | |
| fixed length control field | 130308s9999 xx 000 0 und d |
| 040 ## - CATALOGING SOURCE | |
| Original cataloging agency | IT-RoPAU |
| 040 ## - CATALOGING SOURCE | |
| Transcribing agency | IT-RoPAU |
| 041 ## - LANGUAGE CODE | |
| Language code of text/sound track or separate title | ITALIANO |
| 100 ## - MAIN ENTRY--PERSONAL NAME | |
| Personal name | Metastasio Renata |
| 100 ## - MAIN ENTRY--PERSONAL NAME | |
| Miscellaneous information | Codice Aut. SPICS: 56428 |
| 245 ## - TITLE STATEMENT | |
| Title | Scatola magica (La): tv, bambini e socializzazione |
| 245 ## - TITLE STATEMENT | |
| Remainder of title | Scatola magica (La): Tv, Bambini e Socializzazione |
| 250 ## - EDITION STATEMENT | |
| Edition statement | 1a ed. |
| 260 ## - PUBLICATION, DISTRIBUTION, ETC. (IMPRINT) | |
| Place of publication, distribution, etc. | ROMA |
| 260 ## - PUBLICATION, DISTRIBUTION, ETC. (IMPRINT) | |
| Name of publisher, distributor, etc. | Carocci |
| 260 ## - PUBLICATION, DISTRIBUTION, ETC. (IMPRINT) | |
| Date of publication, distribution, etc. | 2002 [1° Ed.:2002 - Ed.Ling.Originale:2002] |
| 300 ## - PHYSICAL DESCRIPTION | |
| Extent | "212 p. (prefazione: no ; testo: 212 [pagine: 0-0])" |
| 500 ## - GENERAL NOTE | |
| General note | "Introduzione: la tv Fa Bene o Fa Male Ai Bambini? Offerta televisiva Rivolta All'Infanzia: Programmazione televisiva e la ""Tv dei Ragazzi""; è Possibile Sperare?; Problema della Qualità Televisiva. fruizione dei programmi Televisivi e della Pubblicita': Assiduità e livelli di Ascolto; Mediazione Familiare nell'Ascolto Televisivo; motivazioni All'Ascolto; Preferenze: Programmi, Generi, Personaggi e Reti; Atteggiamenti dei Bambini Nei Confronti della Pubblicità ed Effetti Sui comportamenti di Consumo. Ricezione dei programmi Televisivi: caratteristiche del Messaggio e Competenze del Bambino:Attenzione; Ricordo; Comprensione; Ricezione dei Messaggi Pubblicitari: Attenzione, Comprensione e Memorizzazione; Processo di Media Literacy. contenuti della Televisione: rappresentazioni televisive di Sesso, Etnia ed Eta';Contenuti della Pubblicita'; immagini televisive e Formazione degli stereotipi di Genere. Effetti della Televisione: comportamenti Antisociali: Aggressività, Desensibilizzazione, Paura, Effetti Concomitanti o Ritardati; ruolo della Televisione Nello Sviluppo dei comportamenti Prosociali, delle Abilità Cognitive e della Creatività. Riferimenti Bibliografici." |
| 650 ## - SUBJECT ADDED ENTRY--TOPICAL TERM | |
| Topical term or geographic name as entry element | EDUCAZIONE ALLA TELEVISIONE |
| 650 ## - SUBJECT ADDED ENTRY--TOPICAL TERM | |
| Relator term | Codice materia Spics: 6962 |
| 942 ## - ADDED ENTRY ELEMENTS (KOHA) | |
| Koha item type | LIBRO |
| 957 ## - | |
| -- | 1 |
| 999 ## - SYSTEM CONTROL NUMBERS (KOHA) | |
| -- | 1 |
| Withdrawn status | Lost status | Damaged status | Not for loan | Home library | Current library | Date acquired | Total Checkouts | Full call number | Date last seen | Price effective from | Koha item type | Public note |
|---|---|---|---|---|---|---|---|---|---|---|---|---|
| Buone Condizioni | Not For Loan | SPICS-MEDIATECA | SPICS-MEDIATECA | 08/03/2013 | H0672 | 08/03/2013 | 08/03/2013 | LIBRO | Progressivo inserimento: 46630 / N. Volumi: 1 Copie: 1 / data import: 1 marzo 2013 - By Epidotti, Trombetti, Vaglietti. |